Регионална библиотека "Любен Каравелов" - Русе

Старата лодка (Запис номер 140193)

MARC детайли
000 -Лидер
Контролно поле с фиксирана дължина 01334nam a2200301 c 4500
003 - Код на организацията, давaща контролен номер
Контролно поле BLK
005 - Дата и час на последна редакция
Контролно поле 20180422112246.0
008 - Елементи от данни с фиксирана дължина
fixed length control field 180409b bul|||||r ||||||| ||bul||
010 ## - Наследен системен номер
LC control number KNG00146252000
040 ## - Източник на каталожния запис
Идентификатор на билиотеката - собственик на записа BLK
041 ## - Код за език
Код за езика на текст/звукозапис или на отделно заглавие Български
Код за езика КДБФ Български
080 ## - УДК
Текстов определител УДК Българска литература
УДК код - определител по УДК 821.163.2
УДК определител -93-32
УДК - код + определител 821.163.2-93-32
100 1# - Редна дума - Автор
Автор Горчивкин, Митко
Авторска отговорност първи автор
Автор - информация (биография) Митев, Димитър Стоянов
R(LIN) 379347
139 ## - Редно поле
Редна дума Горчивкин, Митко
Авторски знак Горо - Г 69
245 10 - Сведения за заглавието
Заглавие Старата лодка
Подзаглавни данни Разкази за деца
Редно поле (дума) Митко Горчивкин; худож. Симеон Димитров Спиридонов; * Димитър Стоянов Митев.
257 ## - Страна на издаване
Страна на създаване/издаване България
260 ## - Област на издателските данни
-- София
Име на издателя, разпространителя и проч. Нар. младеж
Година на издаване 1981
300 ## - Физическа характеристика
Страници 55 с.
Илюстрации и др. с ил.
Размери/Мащаб 21 см
380 ## - Жанр
Жанр Детска худож. лит.
500 ## - Общи забележки
Забележка Истинското име на авт. е Димитър Стоянов Митев. - 30 150 тир.
700 1# - Други автори (авторска отговорност)
Лично име Спиридонов, Симеон Димитров
Автороска отговорност (Описва отношението между автора и произведението) худож.
9 (RLIN) 277676
700 1# - Други автори (авторска отговорност)
Лично име Митев, Димитър Стоянов
Автороска отговорност (Описва отношението между автора и произведението) *
9 (RLIN) 318615
852 ## - Местоположение
Форматна сигнатура Цб 260949
856 4# - Електронен адрес и достъп
Електронен формат pdf - файл
Път до файла /url/
856 4# - Електронен адрес и достъп
Електронен формат pdf - файл
Път до файла /url/
942 ## - АРТИКУЛИ
Вид на библиотечния материал Книги
Скрит в OPAC Не
944 ## - СЪЗДАВАНЕ И РЕДАКЦИЯ на ЗАПИСА
Създаване/Редакция Създаване
Дата на регистрацията/редакция 17.07.2013
Статус, дата на статуса ф / 17.07.2013
Служител, извършил регистрацията/редакцията Елиза_Атанасова
944 ## - СЪЗДАВАНЕ И РЕДАКЦИЯ на ЗАПИСА
Създаване/Редакция Редакция
Дата на регистрацията/редакция 12.09.2017
Статус, дата на статуса ф / 17.07.2013
Служител, извършил регистрацията/редакцията Севдалина_Василева
999 ## - СИСТЕМНИ КОНТРОЛНИ НОМЕРА
Koha biblionumber 140193
Koha biblioitemnumber 140193
Наличности
Код за отписване Код за изгубен артикул Източник на класификационната схема Код за повреда Коз за рестрикции Код за отдаване Артикулен № Име на библиотеката - собственик Име на библиотеката, в която се намира в момента Статус (Текущо местоположение) Дата на вписване в системата Местоположение - отдел Цена в лева Инвентарен номер Систематично азбучна сигнатура Баркод Номер на екземпляра Цена в евро Служебна бележка Служебен тип на артикула Бележка за публиката
  Не е изгубен Universal Decimal Classification Не е повреден без рестрикции ползва се в читалня 229899 Регионална библиотека "Любен Каравелов" Русе Регионална библиотека "Любен Каравелов" Русе Хранилище 1981-01-01 Хранилище 0.24 327108 Цб 260949 120000327108 1 0.12 N: стар фонд Дата: 01.01.1981 Книги  
Изтеглен Не е изгубен Universal Decimal Classification Не е повреден без рестрикции заемане за дома 229900 Регионална библиотека "Любен Каравелов" Русе Регионална библиотека "Любен Каравелов" Русе Детски отдел 1981-01-01 Детски отдел 0.24 328351 ДХ 886.7/Г 69 328351 2 0.12 N: стар фонд Дата: 01.01.1981 Дата инв: 01.09.2015 Бележки инв: Д2015 Книги  
Изтеглен Не е изгубен   Не е повреден без рестрикции заемане за дома 229901 Регионална библиотека "Любен Каравелов" Русе Регионална библиотека "Любен Каравелов" Русе   1981-01-01 Детски отдел 0.24 328352 ДХ 886.7/Г 69 328352 3 0.12 N: стар фонд Дата: 01.01.1981 Дата инв: 01.09.2015 Бележки инв: Д2015 Книги Отч.N: 28/2017 , Дата: 16.08.2017
Vip Innovations Ltd, Rousse, Bulgaria 2025